| 000 | 02437nam0a2200409 4500 | ||
|---|---|---|---|
| 001 | RU\NLR\BIBL_A\022621513 | ||
| 005 | 20251212161424.0 | ||
| 010 |
_a978-5-7281-3416-9 _91000 |
||
| 021 |
_aRU _bКН-П-25-043887 _9КН-П-25-4270 |
||
| 035 | _a(NLR Aleph) 022621513 | ||
| 090 |
_a13496688 _c13496688 |
||
| 100 | _a20250915d2025 k y0rusy50 ca | ||
| 101 | 0 |
_arus _deng _eeng |
|
| 102 | _aRU | ||
| 105 | _aa z 000yy | ||
| 181 | 0 |
_ai3 _baxxe |
|
| 182 | 0 | _an | |
| 200 | 1 |
_aФилософия как выбор жизни _e[монография _fБандуровский К. В. - кандидат философских наук, Белоусов М. А. - кандидат философских наук, доцент, Волкова А. А. - кандидат философских наук, преподаватель и др.] _gответственные редакторы: С. А. Коначева, доктор философских наук, Е. А. Шестова, кандидат философских наук _g[Российский государственный гуманитарный университет] |
|
| 203 |
_aТекст _bвизуальный _cнепосредственный |
||
| 210 |
_aМосква _cРГГУ _d2025 |
||
| 215 |
_a197, [2] с. _cил. _d22 |
||
| 300 | _aАвт. указаны в конце кн. | ||
| 300 | _aРез. англ. | ||
| 320 | _aБиблиогр.: с. 188-196, в подстроч. примеч. и в тексте | ||
| 606 | 1 |
_aПознание философское _jСборники _2nlr_sh1 _2nlr_sh2 _3RU\NLR\AUTH\66923703 |
|
| 606 | 1 |
_aФилософия _xТеория _jСборники _2nlr_sh1 _2nlr_sh2 _3RU\NLR\AUTH\661092541 |
|
| 686 | 1 | _aЮ0в60я43 | |
| 701 | 1 |
_aБандуровский _bК. В. _f1964- _gКонстантин Владимирович |
|
| 701 | 1 |
_aБелоусов _bМ. А. _gМихаил Алексеевич |
|
| 701 | 1 |
_aВолкова _bА. А. _cканд. филос. наук _gАнна Александровна _3RU\NLR\AUTH\770265468 |
|
| 702 | 1 |
_aКоначева _bС. А. _gСветлана Александровна _4340 |
|
| 712 | 0 | 2 |
_aРоссийский государственный гуманитарный университет _3RU\NLR\AUTH\889918626 _4475 |
| 942 | _cBOOK | ||
| 980 | _aNB | ||